• 首页
  • 本馆介绍
  • 公告通知
  • 最新文献
  • 馆藏检索
  • 电子资源
  • 读者导购
  • 参考咨询
  • 我的图书馆
  • 登录
  • 详细信息显示
  • 放入我的书架
  • 预约/预借图书
  • 作者相关作品
  • 分类相关作品
  • 丛书相关作品
  • 出版社相关作品

书目信息

  • 表格格式
  • 工作单格式
  • 卡片格式
题名:
铁意志与柔软心
    
 
作者: 张荣发 口述 ;吴锦勋 采访
分册:  
出版信息: 上海   东方出版中心  2016
页数: 211页
开本: 23cm
丛书名:
单 册:
中图分类: F279.275.8
科图分类:
主题词: 企业管理--qi ye guan li--经验--台湾
电子资源:
ISBN: 978-7-5473-0962-9
000 01040nam0 22002651 450
001 0120082207
005 20170320082207.0
010    @a978-7-5473-0962-9@dCNY39.50
100    @a20161027d2016 em y0chiy50 ea
101 0  @achi
102    @aCN@b310000
105    @ay z 000yy
106    @ar
200 1  @a铁意志与柔软心@9tie yi zhi yu rou ruan xin@e张荣发的33个人生态度@f张荣发口述@g吴锦勋采访·撰文
210    @a上海@c东方出版中心@d2016
215    @a211页@d23cm
305    @a由台湾远见天下文化出版股份有限公司授权出版
330    @a本书共分为海海人生:大海教我的事;共利经营学:有意义的赚钱两部分。主要内容包括:登船初体验:头绑毛巾熬夜写舱单;“学习心”才是一个最好的老师:从商科少年到船长总裁等。
517 1  @a张荣发的33个人生态度@9zhang rong fa de 33ge ren sheng tai du
606 0  @a企业管理@9qi ye guan li@x经验@y台湾
690    @aF279.275.8@v5
701  0 @a张荣发@9zhang rong fa@f(1927~2016)@4口述
702  0 @a吴锦勋@9wu jin xun@4采访@4撰文
801  0 @aCN@bTANGWEI@c20170308
905    @b0956932-5@dF279.275.8@e1348@f4
    
    铁意志与柔软心:张荣发的33个人生态度/张荣发口述/吴锦勋采访·撰文.-上海:东方出版中心,2016
    211页;23cm
    
    
    ISBN 978-7-5473-0962-9:CNY39.50
    本书共分为海海人生:大海教我的事;共利经营学:有意义的赚钱两部分。主要内容包括:登船初体验:头绑毛巾熬夜写舱单;“学习心”才是一个最好的老师:从商科少年到船长总裁等。
●
相关链接 在E读中查询图书 在五车中查询图书 在当当中查询图书 在豆瓣中查询图书


正题名:铁意志与柔软心     索取号:F279.275.8/1348         预约/预借

序号 登录号 条形码 馆藏地/架位号 状态 备注
1 0956932   209569322   第一样本阅览室/ [索取号:F279.275.8/1348] 在馆    
2 0956933   209569331   第一借阅区/ [索取号:F279.275.8/1348] 在馆    
3 0956934   209569340   第一借阅区/ [索取号:F279.275.8/1348] 在馆    
4 0956935   209569359   密集书库-海洋学院/ [索取号:F279.275.8/1348] 在馆    
唐山师范学院图书馆 欢迎您!
大连网信软件有限公司© 版权所有